000 00271nam a2200121Ia 4500
005 20251222142014.0
008 251222s9999||||xx |||||||||||||| ||spa||
082 _a704.948.4/L98
245 0 _aEl Belén:
250 _a1ra.ed.
264 _bLunwerg Editores
942 _cLIB
999 _c10413
_d10413